00435 a2200121 4500020001600000100001000016245003900026260004700065300001400112942004700126952012500173999001500298 a99636356352 aYasma aHithugai jahaa konme vindheh gai 2 aMale Maldivesb Dhagatha Publishers c2015 a377 pages cAD2Dewey Decimal ClassificationiYAS6YAS 2ddc3Fast Cataloged Item91909aKFPLbKFPLcDHId2024-09-08l4oYASpKL-2024-001696r2026-01-17 07:54:18s2026-01-08yAD c1421d1421